Fußballspieler erraten 4 - Statistiken

Allgemein
  • Dieses Quiz wurde 224 mal gespielt
  • Das Durchschnittsergebnis liegt bei 7 aus 11
Antwortstatistiken
Beschreibung Fußballspieler % Korrekt
im Winter 2023 vom FC Bayern verpflichteter Keeper, der sich in Mönchengladbach mit seinen spektakulären Flugparaden und starken Reflexen zum Top-Torhüter etablierte Yann Sommer
86%
eines der größten Talente des deutschen Fußballs, nach Kai Havertz schon das zweite Riesen-Offensivtalent von Bayer Leverkusen aus der eigenen Jugend binnen wenigen Jahren Florian Wirtz
85%
defensiv orientierter Sechser, wird von vielen immens unterschätzt, bildete zu Glanzzeiten des FC Barcelona die defensive Absicherung für seine kongenialen Spielmacher-Teamkollegen Sergio Busquets
84%
aktuell Rekordtorschütze der TSG Hoffenheim, wechselte während der Meistersaison von Leicester City zu den Kraichgauern, Vizeweltmeister 2018 Andrej Kramaric
83%
dribbelstarker, ehemaliger Publikumsliebling des Bernabéu, im Winter 2023 stand ein aufstrebender Verein aus Deutschland, der vor wenigen Jahren noch 2. Bundesliga spielte, kurz vor seiner Verpflichtung Isco
75%
dunkelhäutig, schneller und physisch starker Offensivakteur von Athletic Bilbao, Nationalspieler Ghanas Inaki Williams
69%
großgewachsener, brasilianischer Offensivspieler, dribbelstark, Traumduo mit Ricardo Quaresma bei Besiktas Istanbul, aktuell Teamkollege von CR7 bei Al Nassr Anderson Talisca
61%
marokkanischer Tormann, Stand Februar 2023 beim FC Sevilla unter Vertrag, spielte sich bei der WM in Katar ins Rampenlicht (bürgerlicher Nachname gesucht) Yassine Bounou
57%
Österreicher, etablierte sich in Hoffenheim zu einem gestandenen Bundesligaprofi, langes Transfer-Hickhack im Sommer 2022, stand kurz vor einem Engagement in Florenz, wechselte gegen Ende der Transferperiode zu Ajax Amsterdam Florian Grillitsch
45%
Identifikationsfigur und ehemaliger Mannschaftskapitän der "Eisernen", erlebte den Aufstieg von der Oberliga Nordost bis in die 2. Bundesliga mit, guter Freistoßschütze Torsten Mattuschka
24%
der aktuell größte, aktive Fußballprofi (2,08 cm groß), Torhüter, stand beim KRC Genk unter Vertrag und spielte Europa League, laut weltfussball.de Schuhgröße 68 Kristof Van Hout
4%
Keine übereinstimmenden Quizze gefunden
Verteilung der Resultate
Anzahl Personen mit jedem Resultat
Perzentil nach korrekt beantworteten Fragen
Ihre Resultats-Entwicklung
Sie haben dieses Quiz noch nicht gespielt